Hannah montana songs - Statistics

General Stats
  • This quiz has been taken 264 times
  • The average score is 11 of 35
Answer Stats
CD # Song on that albem % Correct
2 nobodys perfect
61%
1 if we were a movie
57%
1 the best of both worlds
57%
3 he could be the one
53%
2 rockstar
53%
2 true friend
48%
2 one in a million
43%
1 who said
42%
3 ice cream freeze (lets chill)
41%
1 i got nerve
39%
3 supergirl
38%
3 lets get crazy
37%
1 pumpin up the party
37%
1 this is the life
36%
1 just like you
35%
1 the other side of me
35%
2 we got the party
35%
3 i wanna know you
29%
2 make some noise
28%
2 bigger than us
24%
3 mixed up
24%
3 its all right here
23%
3 lets do this
23%
3 just a girl
22%
2 you and me together
22%
3 every part of me
21%
3 dont wanna be torn
16%
1 i learned from you
15%
2 life what you make it
15%
1 pop princess
14%
1 she's no you
14%
1 find yourself in you
12%
1 shining star
10%
3 lets make this last 4ever
8%
2 old blue jeas
2%
No matching quizzes found
Score Distribution
Percent of People with Each Score
Percentile by Number Answered
Your Score History
You have not taken this quiz